书目信息 |
| 书名: | The Russian Revolution and Bolshevik victory | |
| 作者: | Edited and with an introd. by Arthur E. Adams. | |
| 分册号: | ||
| 分册名: | 出版地: | Lexington, Mass. : |
|
| 出版社: | D. C. Heath | |
| 出版时间: | [1972]. | |
| 页数: | xix, 196 p. : | |
| 开本: | 21 cm. | |
| 丛书名: | Problems in European civilization | |
| 中图分类号: | ||
| 科图分类号: | ||
| 其他分类号: | K512.5 | |
| 主题词: | ||
| 电子资源: | ||
| 000 | 02125cam a2200301 450 | |
| 001 | E0758336858 | |
| 005 | 20070517162017.00 | |
| 008 | 730102s1972 mauc b 000 0 eng | |
| 010 | @a72005151 | |
| 020 | @a0669817457. | |
| 035 | @A(DLC) 72005151 | |
| 040 | @aDLC@beng@cDLC@dDLC | |
| 043 | @ae-ur--- | |
| 050 | 00 | @aDK265.17@b.A65 1972 |
| 082 | 00 | @a947.084/1 |
| 090 | @aK512.5 | |
| 099 | @dK512.5@ex7 | |
| 100 | 1 | @aAdams, Arthur E.,@eed. |
| 245 | 14 | @aThe Russian Revolution and Bolshevik victory :@bcauses and processes / @cEdited and with an introd. by Arthur E. Adams. |
| 250 | @a2d ed. | |
| 260 | @aLexington, Mass. :@bD. C. Heath,@c[1972]. | |
| 300 | @axix, 196 p. :@bports. ;@c21 cm. | |
| 440 | 0 | @aProblems in European civilization |
| 505 | 0 | @aThe March Revolution: its causes and its leaders: Kennan, G. F. The autocracy’s many shortcomings brought its collapse. Pares, B. Rasputin and the Empress Alexandra. Lyashchenko, P. I. Economic and social consequences of the war. Chamberlain, W. H. The March Revolution was spontaneous. Trotsky, L. Bolshevik workingmen led the revolt.--From March to October: the search for ever more radical solutions: Ulam, A. B. Democracy failed to solve Russia’s problems. Golovine, N. N. A demoralized army spread dissatisfaction among the people. Mitrany, D. A primitive peasants’ war gained momentum. Owen, L. A. The peasant became "autocrat of Russia." Pipes, R. National minorities sought autonomy and independence. Deutscher, I. Bolsheviks led workers toward radical revolution.--The Bolshevik victory: why the Provisional Government fell and why the Bolsheviks were successful: Kerensky, A. Both left and right betrayed the Provisional Government. Strakhovsky, L. I. Kerensky betrayed Russia. Daniels, R. V. Lenin gambled wildly and won. Communist Party of the Soviet Union. The Bolshevik Party led the masses.--Bibliography (p. 192-196) |
| 651 | 0 | @aSoviet Union@xHistory@yRevolution, 1917-1921. |
| 700 | @aAdams, Arthur E., | |
| 906 | @a7@bcbc@corignew@d2@eocip@f19@gy-gencatlg | |
| 991 | @bc-GenColl@hDK265.17@i.A65 1972@p00017404398@tCopy 1@wBOOKS | |
| The Russian Revolution and Bolshevik victory : : causes and processes / / Edited and with an introd. by Arthur E. Adams.-2d ed.-Lexington, Mass. : : D. C. Heath, , [1972]. |
| xix, 196 p. : : ports. ; ; 21 cm.- (Problems in European civilization ) |
| The March Revolution: its causes and its leaders: Kennan, G. F. The autocracy’s many shortcomings brought its collapse. Pares, B. Rasputin and the Empress Alexandra. Lyashchenko, P. I. Economic and social consequences of the war. Chamberlain, W. H. The March Revolution was spontaneous. Trotsky, L. Bolshevik workingmen led the revolt.--From March to October: the search for ever more radical solutions: Ulam, A. B. Democracy failed to solve Russia’s problems. Golovine, N. N. A demoralized army spread dissatisfaction among the people. Mitrany, D. A primitive peasants’ war gained momentum. Owen, L. A. The peasant became "autocrat of Russia." Pipes, R. National minorities sought autonomy and independence. Deutscher, I. Bolsheviks led workers toward radical revolution.--The Bolshevik victory: why the Provisional Government fell and why the Bolsheviks were successful: Kerensky, A. Both left and right betrayed the Provisional Government. Strakhovsky, L. I. Kerensky betrayed Russia. Daniels, R. V. Lenin gambled wildly and won. Communist Party of the Soviet Union. The Bolshevik Party led the masses.--Bibliography (p. 192-196) |
| ISBN 0669817457. |
| ● |
| 相关链接 |
|
|
|
|
正题名:Russian Revolution and Bolshevik victory
索取号:K512.5/x7
 
预约/预借
| 序号 | 登录号 | 条形码 | 馆藏地/架位号 | 状态 | 备注 |
| 1 | 9918 | 300099186 | 第二样本阅览室/ [索取号:K512.5/x7] | 在馆 |